000 00879nam a2200253Ia 4500
003 OSt
005 20220923222607.0
006 a|||||r|||| 00| 0
007 ta
008 220922b |||||||| |||| 00| 0 hin d
024 _a206,317
037 _cTextual
040 _aARTS
_cARTS
_bhin
041 _2hin
_ahin
082 _aO152,6x, L8
100 _aजगदीश कुमार, संपा.
_9156274
245 0 _aमेले का ऊंट
_b तथा अन्य निबंध
246 _aMele kā ūanṭa: tathā anya nibandha
260 _aदिल्ली
_b ऋृषभचरण जैन एंव संतति
_c1978
300 _a128पृ.
_ccm.
650 _aहिन्दी साहित्य
_9156264
942 _hO152,6x, L8
_cTEXL
_2CC
999 _c356974
_d356974